LEADER 01429nam--2200397---450- 001 990000944170203316 005 20090825164607.0 010 $a88-387-2303-6 035 $a0094417 035 $aUSA010094417 035 $a(ALEPH)000094417USA01 035 $a0094417 100 $a20020205d2001----km-y0itay0103----ba 101 0 $aita 102 $aIT 105 $ay|||z|||001yy 200 1 $a<>archivio comunale$emanuale per la tenuta e la gestione dei beni archivistici$etitolario di classificazione; massimario di scarto; privacy e diritto di accesso; firma digitale, protocollo informatico e nuove tecnologie$fDimitri Brunetti, Daniela Bacino 210 $aRimini$cMaggioli$d2001 215 $a361 p.$d24 cm 225 2 $aProgetto ente locale$iAmministrazione mangement 410 0$12001$aProgetto ente locale$iAmministrazione mangement 606 $aArchivi comunali$xOrganizzazione 676 $a352.1646 700 1$aBRUNETTI,$bDimitri$0552344 701 1$aBACINO,$bDaniela$0552345 801 0$aIT$bsalbc$gISBD 912 $a990000944170203316 951 $aXXIV.3.P 482 (IG IV 1401)$b31540 G.$cXXIV.3.P 482 (IG IV)$d00078118 959 $aBK 969 $agiu 979 $aCHIARA$b90$c20020205$lUSA01$h1049 979 $c20020403$lUSA01$h1737 979 $aPATRY$b90$c20040406$lUSA01$h1705 979 $aRSIAV4$b90$c20090825$lUSA01$h1646 996 $aArchivio comunale$9973749 997 $aUNISA LEADER 00990nam a22002411i 4500 001 991001493309707536 005 20031115161005.0 008 040407s1953 it |||||||||||||||||ita 035 $ab12778692-39ule_inst 035 $aARCHE-075832$9ExL 040 $aDip.to Scienze Storiche$bita$cA.t.i. Arché s.c.r.l. Pandora Sicilia s.r.l. 082 04$a708.5632 245 00$aCatalogo della Galleria nazionale palazzo Barberini, Roma /$ca cura di Nolfo Di Carpegna 260 $aRoma :$bDel Turco,$c1953 300 $a1 v. ;$c16 cm 651 4$aRoma$xGalleria Nazionale di arte antica$vCataloghi 700 1 $aCarpegna, Nolfo :$cdi 907 $a.b12778692$b02-04-14$c16-04-04 912 $a991001493309707536 945 $aLE009 LA II G 68 (Fondo Bottari)$g1$i2009000236424$lle009$o-$pE0.00$q-$rn$so $t0$u0$v0$w0$x0$y.i13322199$z16-04-04 996 $aCatalogo della Galleria nazionale palazzo Barberini, Roma$9295763 997 $aUNISALENTO 998 $ale009$b16-04-04$cm$da $e-$fita$git $h0$i1